ბათუმის შოთა რუსთაველის სახელმწიფო უნივერსიტეტის ბიბლიოთეკა

Задачник- практикум по теоретической физике. Квантовая механика. (ბიბ.ჩანაწერი № 35065)

000 -LEADER
fixed length control field 00738nam a2200217Ia 4500
001 - CONTROL NUMBER
control field 905
003 - CONTROL NUMBER IDENTIFIER
control field GE_BSU
008 - FIXED-LENGTH DATA ELEMENTS--GENERAL INFORMATION
fixed length control field 181216s||||||||xx |||||||||||||| ||und||
040 ## - CATALOGING SOURCE
Transcribing agency GE_BSU
080 ## - UNIVERSAL DECIMAL CLASSIFICATION NUMBER
Universal Decimal Classification number 530.1(075.8)
245 ## - TITLE STATEMENT
Title Задачник- практикум по теоретической физике. Квантовая механика.
245 ## - TITLE STATEMENT
Remainder of title Для студентов-заочников физико-матемактических факултетов пед. ин-тов
260 ## - PUBLICATION, DISTRIBUTION, ETC.
Place of publication, distribution, etc. Москва
260 ## - PUBLICATION, DISTRIBUTION, ETC.
Name of publisher, distributor, etc. Просвещение
260 ## - PUBLICATION, DISTRIBUTION, ETC.
Date of publication, distribution, etc. 1982
300 ## - PHYSICAL DESCRIPTION
Extent 120 с.
653 ## - INDEX TERM--UNCONTROLLED
Uncontrolled term Практикум по технической физике
653 ## - INDEX TERM--UNCONTROLLED
Uncontrolled term Физика
942 ## - ADDED ENTRY ELEMENTS (KOHA)
Koha item type წიგნი
ეგზემპლარები
Withdrawn status Lost status Damaged status Not for loan Date acquired Barcode Date last seen Price effective from Koha item type
        2018-12-17 1994 2018-12-17 2018-12-17 წიგნი